| 000 | 00837cab a2200265 4500 | ||
|---|---|---|---|
| 001 | ABS49238 | ||
| 008 | 090401t1993 xxu||||| |||| 00| 0 eng d | ||
| 035 | _a(Sirsi) u70464 | ||
| 041 | _aeng | ||
| 100 | _aPartridge, C. | ||
| 245 | _aRating valuation of composite property (part 2) | ||
| 260 | _c1993 | ||
| 350 | _a0 | ||
| 490 |
_aCS Monthly : General Practice _v3(1) September 1993, 7-8(2) |
||
| 520 | _aSecond part of an article discussing how a valuer should approach the problem of valuing a composite property for rating purposes. (See also ABS49006) | ||
| 650 | _aCOMPOSITE PROPERTIES | ||
| 650 | _aCOUNCIL TAX | ||
| 650 | _aLOCAL GOVERNMENT FINANCE ACT 1988 | ||
| 650 | _aMENTOR | ||
| 650 | _aRATES AND RATING | ||
| 690 | _aRATING AND VALUATION | ||
| 700 | _aTrollope, D. | ||
| 942 | _n0 | ||
| 948 | _c04/03/1997 | ||
| 999 |
_c44317 _d44317 |
||